| 000 | 00789nam a2200241 i 4500 | ||
|---|---|---|---|
| 003 | DO-SdBNP | ||
| 005 | 20231103102311.0 | ||
| 006 | a||||ar|||| 00| 0 | ||
| 007 | ta | ||
| 008 | 231102e1997 dr a|||| |||| 00| m spa d | ||
| 040 |
_aDO-SdBNP _bspa _cBNPHU _erda |
||
| 082 | 1 |
_222 _bC712p |
|
| 100 | 1 |
_aCollins de Colado, Mary, _951947 _eautora |
|
| 245 | 1 | 0 |
_aPinta ilustra no. 2. / _cMary Collins de Colado; ilustración, Diego Hernández Colado |
| 264 | 1 |
_aSanto Domingo : _bNuevo Diario, _c1977 |
|
| 300 |
_a61 páginas : _bIlustraciones ; _c27 cm. |
||
| 336 |
_2rdacontent _atexto _btxt |
||
| 337 |
_2rdamedia _asin mediación _bn |
||
| 338 |
_2rdacarrier _avolumen _bnc |
||
| 590 | _aInventariado 2023 / MF | ||
| 700 | 1 |
_a Hernández Colado, Diego, _eilustrador _984560 |
|
| 942 |
_2ddc _cLBS1 |
||
| 999 |
_c55384 _d55384 |
||